000 00526nam a2200181Ia 4500
003 GCL
008 140319s9999 xx 000 0 ara d
040 _aGCL /
_cGCL
082 0 4 _a808.8012
_bب و
100 1 _aبورسوف، بوريس
245 1 0 _aالواقعية اليوم وابدا /
_cبورسوف، بوريس
300 _a335 ص
490 _aسلسلة الكتب المترجمة
_v0
650 0 4 _aالواقعية
650 0 4 _aالادب الروسى
650 0 4 _aدوستويفسكى
942 _2ddc
_cBK
999 _c47623
_d47623